00259nam a22000977a 4500020001800000082001400018100003300032245006100065260002600126300000900152 a9789695623909 a923.15491 aDr. Nadeem Shafiq malik (Ed) aThe USA, Canada and The Quaid-i-Azam Muhammad ali Jinnah aLahorebFictionc2015 a187p